| 000 | 01114cam a2200301 a 4500 | ||
|---|---|---|---|
| 001 | 2067037 | ||
| 003 | ARRUPE | ||
| 005 | 20151111144938.0 | ||
| 008 | 940128s1994 ncuab b 001 0 eng | ||
| 010 | _a 94001409 | ||
| 020 | _a0899509800 (lib. bdg. : alk. paper) | ||
| 040 |
_aDLC _cDLC _dDLC |
||
| 050 | 0 | 0 |
_aU21.2 _b.G54 1994 |
| 082 | 0 | 0 |
_a303.6/6 _220 |
| 100 | 1 |
_aGlossop, Ronald J., _d1933- _921033 |
|
| 245 | 1 | 0 |
_aConfronting war : _ban examination of humanity's most pressing problem / _cby Ronald J. Glossop. |
| 250 | _a3rd ed. | ||
| 260 |
_aJefferson, N.C. : _bMcFarland, _cc1994. |
||
| 300 |
_axiv, 435 p. : _bill., maps ; _c24 cm. |
||
| 504 | _aIncludes bibliographical references (p. 413-415) and index. | ||
| 650 | 0 |
_aWar. _96446 |
|
| 650 | 0 |
_aInternational relations. _921034 |
|
| 650 | 0 |
_aConflict management. _92507 |
|
| 650 | 0 |
_aInternational organization. _97905 |
|
| 906 |
_a7 _bcbc _corignew _d1 _eocip _f19 _gy-gencatlg |
||
| 942 |
_2lcc _cMONOGRAPH |
||
| 999 |
_c123771 _d123771 |
||